| 000 | 00375nam a2200145Ia 4500 | ||
|---|---|---|---|
| 005 | 20250729165742.0 | ||
| 008 | 250729s2014 xx 000 0 und d | ||
| 041 | _akan | ||
| 082 | _a001.51SRIK | ||
| 100 |
_aDr.A.Srinivasan _9232145 |
||
| 245 | _aComputer shikshana | ||
| 260 |
_aMysore _bAnuradha Prakashana _c2014 |
||
| 300 | _a158p | ||
| 650 |
_aComputer Education _9232146 |
||
| 999 |
_c239636 _d239636 |
||